000 00818nam a2200241Ii 4500
003 JO-AjNU
005 20250722101840.0
008 230605s9999||||xx |||||||||||||| ||und||
017 _a2018/11/5684
040 _aJO-AjNU
_bara
_erda
_cJO-AjNU
041 _aara
050 1 4 _aBP187.3 2019
100 3 _aالقضاة، أحمد مصطفى ,
_eauthor
_958509
245 0 0 _aبحوث محكمة في مسائل الحج /
_cاعداد احمد مصطفى القضاة
250 _aالطبعة الاولى
264 3 1 _aعمان : المعد، 2018
300 _a144صفحة
336 _atext
_btxt
_2rdacontent
337 _aunmediated
_bn
_2rdamedia
338 _avolume
_bnc
_2rdacarrier
650 4 _aالحج - الوقوف بعرفات - العبادة - أركان الإسلام
_958510
942 _2lcc
_cBK
999 _c29846
_d29846